Linie tramwajowe w Krakowie - Statystyki

Ogólne statystyki
  • Ten quiz został rozwiązany 825 razy
  • Średni wynik to 4 z 26
Answers on the Grid
Answers color-coded by a green-red scale on the quiz's grid according to % correct below.
1
2
3
4
5
6
7
8
9
10
11
12
13
14
15
16
17
18
19
20
21
22
23
24
25
45
46
47
48
49
50
51
52
53
54
55
56
57
58
59
60
61
62
63
64
65
66
67
68
69
70
71
72
73
74
75
76
77
78
79
 
Statystyki odpowiedzi
Odpowiedź % Poprawnych
1
94%
4
33%
5
28%
3
26%
14
24%
10
23%
8
21%
52
20%
9
20%
13
18%
18
17%
50
15%
20
14%
24
13%
22
12%
17
11%
11
10%
21
10%
49
8%
69
6%
75
6%
64
5%
62
4%
76
4%
71
3%
78
3%
Nie znaleziono quizów pasujących do podanych kryteriów
Rozkład punktacji
Procent ludzi z każdym wynikiem
Percentyl według liczby udzielonych odpowiedzi
Twoja historia wyników
Nie rozwiązałeś tego quizu